El desarrollo cognitivo y lingüístico de los niños sordos: perspectivas educativas

Guardat en:
Dades bibliogràfiques
Autor principal: Marchesi Ullastres, Álvaro (autor)
Format: Llibre
Idioma:espanyol
Publicat: Madrid Alianza 1987
Col·lecció:Alianza Psicología, 17
Matèries:
Etiquetes: Afegir etiqueta
Sense etiquetes, Sigues el primer a etiquetar aquest registre!

MARC

LEADER 00000nam a2200000 a 4500
001 UCW8128
003 CL-VaPUC
008 880523e19870000SP |||||||||||||||||spa|d
082 0 4 |a 371.912  |b MAR  |2 21 
100 |a Marchesi Ullastres, Álvaro  |e autor  |9 561650 
245 1 3 |a El desarrollo cognitivo y lingüístico de los niños sordos: perspectivas educativas 
300 |a 331 p 
942 |c BK 
945 |d 19880523 00:00:00 
260 |a Madrid  |b Alianza  |c 1987 
650 0 |a Educación de sordos  |9 308353 
650 0 |a Educación especial  |9 307486 
650 7 |a LENGUAJE DE SORDOMUDOS  |2 CL-VaPUC  |9 309748 
650 0 |a Sordos  |9 310755 
650 7 |a NIÑOS SORDOMUDOS  |2 CL-VaPUC  |9 313233 
583 |a last modification  |c 20170911 01:32:21  |k Rodrigo Vera 
490 0 |a Alianza Psicología, 17 
999 |c 220596  |d 220594 
952 |0 0  |1 0  |4 0  |6 371_912000000000000_MAR_1987  |7 0  |8 A  |9 213044  |a FDOPOS  |b FDOPOS  |d 2019-11-15  |i 2813793  |o 371.912 MAR 1987  |p 2813793  |r 2025-01-22  |w 2019-11-15  |y BK  |k MLA 
952 |0 0  |1 0  |4 0  |6 371_912000000000000_MAR_1987  |7 0  |8 A  |9 213045  |a BIBEDU  |b BIBEDU  |c ES_NOD  |d 2019-11-15  |i 3337960  |o 371.912 MAR 1987  |p 3337960  |r 2023-08-09  |w 2019-11-15  |y BK  |k EPE